বাংলা গবেষনা পত্রিকা, (১৩০১-১৪০১) / (Record no. 49423)
[ view plain ]
| 000 -LEADER | |
|---|---|
| fixed length control field | 00986nam a2200241 a 4500 |
| 001 - CONTROL NUMBER | |
| control field | 49423 |
| 003 - CONTROL NUMBER IDENTIFIER | |
| rucl marc code | BD-RjUL |
| 005 - DATE AND TIME OF LATEST TRANSACTION | |
| control field | 20211209054658.0 |
| 008 - FIXED-LENGTH DATA ELEMENTS--GENERAL INFORMATION | |
| fixed length control field | 160820s1998 bg ||||| |||| 00| 0 ben d |
| 020 ## - INTERNATIONAL STANDARD BOOK NUMBER | |
| International Standard Book Number | 9840737465 |
| Terms of availability | : Tk. 70.00 |
| 035 ## - SYSTEM CONTROL NUMBER | |
| System control number | (BD-RjUL)49542 |
| 040 ## - CATALOGING SOURCE | |
| Original cataloging agency | BD-RjUL |
| Language of cataloging | ben |
| Transcribing agency | BD-RjUL |
| 041 ## - LANGUAGE CODE | |
| Language code of text/sound track or separate title | ben |
| 082 ## - DEWEY DECIMAL CLASSIFICATION NUMBER | |
| Edition number | 23 |
| Classification number | 891.44072 |
| Author mark and year | MIB 1998 |
| 100 ## - MAIN ENTRY--PERSONAL NAME | |
| Personal name | মিয়া, মুহম্মদ মজিরউদ্দীন |
| 9 (RLIN) | 148360 |
| 245 10 - TITLE STATEMENT | |
| Title | বাংলা গবেষনা পত্রিকা, (১৩০১-১৪০১) / |
| Statement of responsibility, etc. | মুহম্মদ মজিরউদ্দীন মিয়া |
| 260 ## - PUBLICATION, DISTRIBUTION, ETC. (IMPRINT) | |
| Place of publication, distribution, etc. | ঢাকা : |
| Name of publisher, distributor, etc. | বাংলা একাডেমী, |
| Date of publication, distribution, etc. | ১৯৯৮ |
| 300 ## - PHYSICAL DESCRIPTION | |
| Pagination | [৮], ২২২ পৃ. ; |
| Size | ২৩ সেমি. |
| 500 ## - GENERAL NOTE | |
| General note | নির্ঘণ্ট সংযুক্ত |
| 650 ## - SUBJECT ADDED ENTRY--TOPICAL TERM | |
| Topical term or geographic name as entry element | বাংলা সাহিত্য |
| General subdivision | গবেষণা |
| 9 (RLIN) | 148361 |
| Topical term or geographic name as entry element | Bengali Literature |
| General subdivision | Research |
| 9 (RLIN) | 148362 |
| 942 ## - ADDED ENTRY ELEMENTS (KOHA) | |
| Source of classification or shelving scheme | Dewey Decimal Classification |
| Koha item type | Books |
| Lost status | Source of classification or shelving scheme | Damaged status | Not for loan | Collection code | Permanent Location | Current Location | Shelving location | Date acquired | Source of acquisition | Cost, normal purchase price | Total Checkouts | Full call number | Date last seen | Copy number | Koha item type |
|---|---|---|---|---|---|---|---|---|---|---|---|---|---|---|---|
| Dewey Decimal Classification | Non-fiction | Central Library, University of Rajshahi | Central Library, University of Rajshahi | 09/06/2011 | Bangla Academy, Dhaka | 70.00 | B 891.44072 MIB 1998 | 20/08/2016 | C-2 | Books | |||||
| Dewey Decimal Classification | Not For Loan | Non-fiction | Central Library, University of Rajshahi | Central Library, University of Rajshahi | Reading Room | 09/06/2011 | Bangla Academy, Dhaka | 70.00 | B 891.44072 MIB 1998 | 30/01/2017 | C-1 | Books |